| 000 | 019220000a22003730004500 | ||
|---|---|---|---|
| 001 | 768714001 | ||
| 003 | CO-MdFUSB | ||
| 005 | 20251001104527.0 | ||
| 007 | ta | ||
| 008 | 160329t2005 -us||||g |||| 001 0 spa d | ||
| 020 | _a978-0-8054-4087-4 | ||
| 040 |
_aCO-MdFUSB _bspa _cCO-MdFUSB _dCO-MdFUSB _erda |
||
| 041 | 0 |
_aspa _heng |
|
| 082 |
_a251 _bO459g _223 |
||
| 100 |
_aOlford, Stephen F _d1918 - 2004 _eautor |
||
| 240 | _aAnointed Expository Preaching | ||
| 245 | 0 | 0 |
_aGuía de predicación expositiva _c/ Stephen F Olford , traducido por Vicente Maldonado |
| 264 | 1 |
_aNashiville, Tennessee : _b: B& H Publishing Group _c[2005] |
|
| 264 | 4 | _c©2005 | |
| 300 | _a378 páginas | ||
| 336 |
_atexto _btxt _2rdacontent |
||
| 337 |
_asin mediación _bn _2rdamedia |
||
| 338 |
_avolumen _bnc _2rdacarrier |
||
| 501 | _arústico | ||
| 504 | _aIncluye referencias bibliográficas: páginas 363-376 | ||
| 505 | _aLa carrera a seguir: el predicador y el llamado de Dios, el predicador y la palabra de Dios, el predicador y la vida de Dios, el predicador y el hombre de Dios -- El trabajo que cumplir: el predicador y la exposición de Dios, el predicador y la preparación: selección, el predicador y la preparación: investigación, el predicador y la preparación: organización, el predicador y la preparación: finalización, el predicador y la comunicación -- La palabra que ha proclamarse: el predicador y la consagración, el predicador y la proclamación, el predicador y la comprensión, el predicador y la aplicación, el predicador y la invitación, el predicador y la inculcación, el predicador y la motivación. | ||
| 563 | _aRústico | ||
| 650 | 0 |
_954 _aPredicación _eHomilética |
|
| 700 |
_953 _aOlford, David L. (David Lindsay) _ecoautor |
||
| 700 |
_960 _aRogers, Adrian _d1931-2005 _eprefacio |
||
| 700 |
_961 _aMaldonado, Vicente _etraductor |
||
| 942 | _cBK | ||
| 945 | _aElías Tolentino | ||
| 999 |
_c45198 _d45198 |
||